<?xml version="1.0" encoding="UTF-8"?>
<record
    xmlns:xsi="http://www.w3.org/2001/XMLSchema-instance"
    xsi:schemaLocation="http://www.loc.gov/MARC21/slim http://www.loc.gov/standards/marcxml/schema/MARC21slim.xsd"
    xmlns="http://www.loc.gov/MARC21/slim">

  <leader>01932nam2a22003131  4500</leader>
  <controlfield tag="001">v19\rc\1631910</controlfield>
  <controlfield tag="005">20250618233514.0</controlfield>
  <datafield tag="035" ind1=" " ind2=" ">
    <subfield code="a">(NLR Aleph) 004747019</subfield>
  </datafield>
  <datafield tag="090" ind1=" " ind2=" ">
    <subfield code="a">4519538</subfield>
    <subfield code="c">4519538</subfield>
  </datafield>
  <datafield tag="100" ind1=" " ind2=" ">
    <subfield code="a">20061002e18991899|||y0rusy50      ca</subfield>
  </datafield>
  <datafield tag="101" ind1="1" ind2=" ">
    <subfield code="a">rus</subfield>
    <subfield code="c">ger</subfield>
  </datafield>
  <datafield tag="102" ind1=" " ind2=" ">
    <subfield code="a">RU</subfield>
  </datafield>
  <datafield tag="105" ind1=" " ind2=" ">
    <subfield code="a">a   z   |||||</subfield>
  </datafield>
  <datafield tag="200" ind1="1" ind2=" ">
    <subfield code="a">&#x41F;&#x430;&#x442;&#x43E;&#x43B;&#x43E;&#x433;&#x438;&#x44F; &#x438; &#x442;&#x435;&#x440;&#x430;&#x43F;&#x438;&#x44F; &#x43C;&#x443;&#x436;&#x441;&#x43A;&#x43E;&#x433;&#x43E; &#x431;&#x435;&#x441;&#x43F;&#x43B;&#x43E;&#x434;&#x438;&#x44F;</subfield>
    <subfield code="f">&#x41F;&#x435;&#x440;. &#x441; &#x43D;&#x435;&#x43C;. &#x432;&#x440;&#x430;&#x447;&#x430; &#x424;.&#x41C;. &#x428;&#x443;&#x440;</subfield>
  </datafield>
  <datafield tag="210" ind1=" " ind2=" ">
    <subfield code="d">1899</subfield>
    <subfield code="a">&#x411;. &#x43C;.</subfield>
  </datafield>
  <datafield tag="215" ind1=" " ind2=" ">
    <subfield code="a">[2], 88 &#x441;.</subfield>
    <subfield code="c">&#x438;&#x43B;.</subfield>
  </datafield>
  <datafield tag="311" ind1=" " ind2=" ">
    <subfield code="a">&#x41E;&#x442;&#x442;. &#x438;&#x437; &#x436;&#x443;&#x440;&#x43D;. &#x41F;&#x440;&#x430;&#x43A;&#x442;&#x438;&#x447;. &#x43C;&#x435;&#x434;&#x438;&#x446;&#x438;&#x43D;&#x430;. 1899, &#x2116; 1, 3</subfield>
  </datafield>
  <datafield tag="320" ind1=" " ind2=" ">
    <subfield code="a">&#x411;&#x438;&#x431;&#x43B;&#x438;&#x43E;&#x433;&#x440;.: &#x441;. 87-88</subfield>
  </datafield>
  <datafield tag="461" ind1=" " ind2="0">
    <subfield code="1">001v19\rc\1631909</subfield>
    <subfield code="1">2001#$a&#x41F;&#x430;&#x442;&#x43E;&#x43B;&#x43E;&#x433;&#x438;&#x44F; &#x438; &#x442;&#x435;&#x440;&#x430;&#x43F;&#x438;&#x44F; &#x43C;&#x443;&#x436;&#x441;&#x43A;&#x43E;&#x433;&#x43E; &#x438; &#x436;&#x435;&#x43D;&#x441;&#x43A;&#x43E;&#x433;&#x43E; &#x431;&#x435;&#x441;&#x43F;&#x43B;&#x43E;&#x434;&#x438;&#x44F;$e(E. Finger und M. Saenger. Die Pathologie und Therapie der Sterilit&#xE4;t bei der Geschlechter. 1. Teil. Die Pathologie und Therapie der Sterilit&#xE4;t beim Manne von Dr. E. Finger, a. o. Professor an der Unikersit&#xE4;t Wien. Leipzig. 1898). &#x427;. 1-$v&#x427;. 1</subfield>
    <subfield code="1">700#1$a&#x424;&#x438;&#x43D;&#x433;&#x435;&#x440;$b&#x42D;.$f1856-1939$g&#x42D;&#x440;&#x43D;&#x441;&#x442;</subfield>
    <subfield code="9">4519535</subfield>
    <subfield code="a">&#x424;&#x438;&#x43D;&#x433;&#x435;&#x440;, &#x42D;. (1856-1939)</subfield>
    <subfield code="c">&#x421;&#x430;&#x43D;&#x43A;&#x442;-&#x41F;&#x435;&#x442;&#x435;&#x440;&#x431;&#x443;&#x440;&#x433;</subfield>
    <subfield code="d">1899</subfield>
    <subfield code="n">&#x436;&#x443;&#x440;&#x43D;. "&#x41F;&#x440;&#x430;&#x43A;&#x442;&#x438;&#x447;. &#x43C;&#x435;&#x434;&#x438;&#x446;&#x438;&#x43D;&#x430;" (&#x412;.&#x421;. &#x42D;&#x442;&#x442;&#x438;&#x43D;&#x433;&#x435;&#x440;)</subfield>
    <subfield code="o">(E. Finger und M. Saenger. Die Pathologie und Therapie der Sterilit&#xE4;t bei der Geschlechter. 1. Teil. Die Pathologie und Therapie der Sterilit&#xE4;t beim Manne von Dr. E. Finger, a. o. Professor an der Unikersit&#xE4;t Wien. Leipzig. 1898). &#x427;. 1-</subfield>
    <subfield code="t">&#x41F;&#x430;&#x442;&#x43E;&#x43B;&#x43E;&#x433;&#x438;&#x44F; &#x438; &#x442;&#x435;&#x440;&#x430;&#x43F;&#x438;&#x44F; &#x43C;&#x443;&#x436;&#x441;&#x43A;&#x43E;&#x433;&#x43E; &#x438; &#x436;&#x435;&#x43D;&#x441;&#x43A;&#x43E;&#x433;&#x43E; &#x431;&#x435;&#x441;&#x43F;&#x43B;&#x43E;&#x434;&#x438;&#x44F;</subfield>
    <subfield code="v">&#x427;. 1</subfield>
  </datafield>
  <datafield tag="488" ind1=" " ind2="0">
    <subfield code="1">2001#$a&#x41F;&#x440;&#x430;&#x43A;&#x442;&#x438;&#x447;&#x435;&#x441;&#x43A;&#x430;&#x44F; &#x43C;&#x435;&#x434;&#x438;&#x446;&#x438;&#x43D;&#x430;$v1899, &#x2116; 1, 3</subfield>
    <subfield code="t">&#x41F;&#x440;&#x430;&#x43A;&#x442;&#x438;&#x447;&#x435;&#x441;&#x43A;&#x430;&#x44F; &#x43C;&#x435;&#x434;&#x438;&#x446;&#x438;&#x43D;&#x430;</subfield>
  </datafield>
  <datafield tag="702" ind1=" " ind2="1">
    <subfield code="a">&#x428;&#x443;&#x440;</subfield>
    <subfield code="b">&#x424;.&#x41C;.</subfield>
    <subfield code="4">730</subfield>
  </datafield>
  <datafield tag="801" ind1=" " ind2="0">
    <subfield code="a">RU</subfield>
    <subfield code="b">NLR</subfield>
    <subfield code="g">psbo</subfield>
  </datafield>
  <datafield tag="801" ind1=" " ind2="0">
    <subfield code="a">RU</subfield>
    <subfield code="b">RuMoRGB</subfield>
    <subfield code="2">psbo</subfield>
  </datafield>
  <datafield tag="801" ind1=" " ind2="1">
    <subfield code="a">RU</subfield>
    <subfield code="b">ProSoft-M</subfield>
    <subfield code="2">rusmarc</subfield>
  </datafield>
  <datafield tag="852" ind1=" " ind2=" ">
    <subfield code="a">NLR</subfield>
    <subfield code="j">18.189.5.8</subfield>
  </datafield>
  <datafield tag="899" ind1=" " ind2=" ">
    <subfield code="a">&#x411;&#x410;&#x41D;</subfield>
  </datafield>
  <datafield tag="899" ind1=" " ind2=" ">
    <subfield code="a">RuMoRGB</subfield>
    <subfield code="j">A 261/89</subfield>
  </datafield>
  <datafield tag="942" ind1=" " ind2=" ">
    <subfield code="c">BOOK</subfield>
  </datafield>
  <datafield tag="980" ind1=" " ind2=" ">
    <subfield code="a">NB</subfield>
  </datafield>
  <datafield tag="995" ind1=" " ind2=" ">
    <subfield code="5">2013-10-26</subfield>
    <subfield code="b">NLR02</subfield>
    <subfield code="c">NLR02</subfield>
    <subfield code="e">RFS</subfield>
    <subfield code="f">4747019-10</subfield>
    <subfield code="k">18.189.5.8</subfield>
    <subfield code="o">0</subfield>
    <subfield code="r">BOOK</subfield>
    <subfield code="s">1818958_</subfield>
  </datafield>
  <datafield tag="995" ind1=" " ind2=" ">
    <subfield code="5">2013-10-26</subfield>
    <subfield code="b">NLR01</subfield>
    <subfield code="c">NLR01</subfield>
    <subfield code="e">TEMP</subfield>
    <subfield code="f">4747019-30</subfield>
    <subfield code="o">0</subfield>
    <subfield code="r">BOOK</subfield>
  </datafield>
</record>
